Statistics for VfB Players by Picture (2018/19)

Click here to take the quiz!

General Stats

  • This quiz has been taken 78 times
    (60 since last reset)
  • The average score is 20 of 24

Answer Stats

Answer% Correct
Mario Gómez
100%
Benjamin Pavard
98%
Ron-Robert Zieler
96%
Christian Gentner
93%
Gonzalo Castro
93%
Holger Badstuber
93%
Anastasios Donis
91%
Daniel Didavi
91%
Dennis Aogo
91%
Andreas Beck
89%
Borna Sosa
89%
Marc-Oliver Kempf
87%
Erik Thommy
82%
Marcin Kaminski
82%
Chadrac Akolo
80%
Jens Grahl
80%
Orel Mangala
80%
Timo Baumgartl
80%
Emiliano Insúa
78%
Matthias Zimmermann
76%
Pablo Maffeo
73%
Santiago Ascacibar
73%
Berkay Özcan
71%
Hans Nunoo Sarpei
38%

Score Distribution

Percentile by Number Answered

Percent of People with Each Score

Your Score History

You have not taken this quiz since the last reset